| 000 | 00607nam a2200169 i 4500 | ||
|---|---|---|---|
| 001 | 20476 | ||
| 003 | ES-MaACL | ||
| 005 | 20230906152318.0 | ||
| 007 | t| | ||
| 008 | 021113s1879 sp ||||1| spa d | ||
| 110 | 2 |
_aReal Academia Gaditana de Ciencias y Letras. _96340 |
|
| 245 | 1 | 0 |
_aInauguración del año académico de 1879 a 1880 _b: sesión regia / _cAcademia Gaditana de Ciencias y Letras. |
| 260 |
_aCádiz : _b[s.n.], _c1879 ( _fImpr. de la Revista Médica) |
||
| 300 |
_a62 p. ; _c19 cm. |
||
| 610 | 2 | 4 |
_aReal Academia Gaditana de Ciencias y Letras- _vMemorias. _9160082 |
| 852 |
_aES-MaACL _jT-342-F-4 |
||
| 999 |
_c20476 _d20476 |
||